Измерение теплоэнергетических параметров: учебное пособие

Xehetasun bibliografikoak
Egile nagusia: Атрошенко Ю. К. Юлиана Константиновна
Erakunde egilea: Национальный исследовательский Томский политехнический университет (ТПУ) Энергетический институт (ЭНИН) Кафедра автоматизации теплоэнергетических процессов (АТП)
Beste egile batzuk: Стрижак П. А. Павел Александрович
Gaia:Заглавие с титульного экрана
Электронная версия печатной публикации
В пособии приведены теоретические сведения по измерению теплоэнергетических параметров и приборам, предназначенным для контроля типичных для энергетики в целом величин. Представлены задачи для самостоятельного решения. Пособие полезно для студентов, обучающихся по направлениям 13.03.01 "Теплоэнергетика и теплотехника", 13.03.03 "Энергетическое машиностроение" и специальности 14.05.02 "Атомные станции: проектирование, эксплуатация и инжиниринг".
Режим доступа: из корпоративной сети ТПУ
Hizkuntza:errusiera
Argitaratua: Томск, Изд-то ТПУ, 2017
Gaiak:
Sarrera elektronikoa:http://www.lib.tpu.ru/fulltext2/m/2017/m070.pdf
Formatua: Baliabide elektronikoa Liburua
KOHA link:https://koha.lib.tpu.ru/cgi-bin/koha/opac-detail.pl?biblionumber=336493

MARC

LEADER 00000nlm0a2200000 4500
001 336493
005 20240222064829.0
035 |a (RuTPU)RU\TPU\book\362922 
035 |a RU\TPU\book\362477 
090 |a 336493 
100 |a 20171017d2017 m y0rusy50 ca 
101 0 |a rus 
102 |a RU 
105 |a a j 001zy 
135 |a drcn ---uucaa 
181 0 |a i  
182 0 |a b 
200 1 |a Измерение теплоэнергетических параметров  |e учебное пособие  |f Ю. К. Атрошенко, П. А. Стрижак  |g Национальный исследовательский Томский политехнический университет 
203 |a Текст  |c электронный 
210 |a Томск  |c Изд-то ТПУ  |d 2017 
300 |a Заглавие с титульного экрана 
300 |a Электронная версия печатной публикации 
330 |a В пособии приведены теоретические сведения по измерению теплоэнергетических параметров и приборам, предназначенным для контроля типичных для энергетики в целом величин. Представлены задачи для самостоятельного решения. Пособие полезно для студентов, обучающихся по направлениям 13.03.01 "Теплоэнергетика и теплотехника", 13.03.03 "Энергетическое машиностроение" и специальности 14.05.02 "Атомные станции: проектирование, эксплуатация и инжиниринг". 
333 |a Режим доступа: из корпоративной сети ТПУ 
606 1 |a Теплотехнические измерения  |2 stltpush  |3 (RuTPU)RU\TPU\subj\59810  |9 77307 
610 1 |a электронный ресурс 
610 1 |a труды учёных ТПУ 
610 1 |a учебные пособия 
610 1 |a теоретические сведения 
610 1 |a измерения 
610 1 |a температура 
610 1 |a термоэлектрические явления 
610 1 |a термоэлектрические преобразователи 
610 1 |a термопреобразователи сопротивления 
610 1 |a давление 
610 1 |a манометры 
610 1 |a измерительные системы 
610 1 |a расход 
610 1 |a расходомеры 
610 1 |a энергетика 
610 1 |a уровнемеры 
610 1 |a газоанализаторы 
610 1 |a анализаторы 
610 1 |a жидкости 
610 1 |a газы 
610 1 |a механические величины 
610 1 |a диагностика 
610 1 |a преобразователи 
610 1 |a турбины 
675 |a 621.1.002.56(075.8)  |v 4 
700 1 |a Атрошенко  |b Ю. К.  |c специалист в области теплоэнергетики  |c старший преподаватель Томского политехнического университета, инженер  |f 1989-  |g Юлиана Константиновна  |3 (RuTPU)RU\TPU\pers\32495  |9 16442 
701 1 |a Стрижак  |b П. А.  |c специалист в области теплоэнергетики  |c профессор Томского политехнического университета, доктор физико-математических наук  |f 1985-  |g Павел Александрович  |x TPU  |y Томск  |3 (RuTPU)RU\TPU\pers\25983  |9 11832 
712 0 2 |a Национальный исследовательский Томский политехнический университет (ТПУ)  |b Энергетический институт (ЭНИН)  |b Кафедра автоматизации теплоэнергетических процессов (АТП)  |3 (RuTPU)RU\TPU\col\18678 
801 1 |a RU  |b 63413507  |c 20131204 
801 2 |a RU  |b 63413507  |c 20171030  |g RCR 
856 4 |u http://www.lib.tpu.ru/fulltext2/m/2017/m070.pdf 
942 |c CF